00385 a2200121 450000500170000002000220001708200140003910000130005324500930006625000110015926000260017030000670019620250508110807.0 a978-1-4462-0737-6 a658.4 GRE aGREY, C. aA Very Short, Fairly Interesting and Reasonably Cheap Book About Studying Organizations. a3rd Ed aLondon,bSage,c2013. aXviii, 166p.: ill.;bBibliographical References & Indexc19cm.